000 00646nam a2200241Ia 4500
003 OSt
005 20221007103817.0
006 a|||||r|||| 00| 0
007 ta
008 221006b |||||||| |||| 00| 0 eng d
024 _a14,114
037 _cTextual
040 _aLCO
_cLCO
_beng
041 _2eng
_aeng
082 _aZ2,9591, L0
100 _aSinghal J.P.
_979886
245 0 _aLaw of Damages and Compensation
260 _aAllahabad
_bLaw book Company India
_c1970
300 _a842
650 _aDAMAGE AND COMPENSATION LAW
_9705568
942 _hZ2,9591, L0
_cTEXL
999 _c1183677
_d1183677